<?xml version="1.0" encoding="UTF-8"?>
<record
    xmlns:xsi="http://www.w3.org/2001/XMLSchema-instance"
    xsi:schemaLocation="http://www.loc.gov/MARC21/slim http://www.loc.gov/standards/marcxml/schema/MARC21slim.xsd"
    xmlns="http://www.loc.gov/MARC21/slim">

  <leader>01026nam a22002537a 4500</leader>
  <controlfield tag="001">48082</controlfield>
  <controlfield tag="003">BD-RjUL</controlfield>
  <controlfield tag="005">20211209054445.0</controlfield>
  <controlfield tag="008">160811s2003    ii ||||| b||| 00| 0 ben d</controlfield>
  <datafield tag="020" ind1=" " ind2=" ">
    <subfield code="a">8185471169</subfield>
    <subfield code="c"> : TK 250.00</subfield>
  </datafield>
  <datafield tag="035" ind1=" " ind2=" ">
    <subfield code="a">(BD-RjUL)48201</subfield>
  </datafield>
  <datafield tag="040" ind1=" " ind2=" ">
    <subfield code="a">BD-RjUL</subfield>
    <subfield code="b">ben</subfield>
    <subfield code="c">BD-RjUL</subfield>
  </datafield>
  <datafield tag="041" ind1=" " ind2=" ">
    <subfield code="a">ben</subfield>
  </datafield>
  <datafield tag="082" ind1=" " ind2=" ">
    <subfield code="2">23</subfield>
    <subfield code="a">891.44109</subfield>
    <subfield code="b">CHG 2003</subfield>
  </datafield>
  <datafield tag="100" ind1="1" ind2=" ">
    <subfield code="a">&#x99A;&#x995;&#x9CD;&#x9B0;&#x9AC;&#x9B0;&#x9CD;&#x9A4;&#x9C0;, &#x9AC;&#x9B0;&#x9C1;&#x9A3;&#x995;&#x9C1;&#x9AE;&#x9BE;&#x9B0;</subfield>
    <subfield code="9">145760</subfield>
  </datafield>
  <datafield tag="245" ind1="1" ind2="0">
    <subfield code="a">&#x997;&#x9C0;&#x9A4;&#x9BF;&#x995;&#x9BE; : &#x9B8;&#x9CD;&#x9AC;&#x9B0;&#x9C2;&#x9AA; &#x993; &#x9AC;&#x9C8;&#x9B6;&#x9BF;&#x9B7;&#x9CD;&#x99F;&#x9CD;&#x9AF; /</subfield>
    <subfield code="c">&#x9AC;&#x9B0;&#x9C1;&#x9A3;&#x995;&#x9C1;&#x9AE;&#x9BE;&#x9B0;  &#x99A;&#x995;&#x9CD;&#x9B0;&#x9AC;&#x9B0;&#x9CD;&#x9A4;&#x9C0;</subfield>
  </datafield>
  <datafield tag="250" ind1=" " ind2=" ">
    <subfield code="a">&#x9E8;&#x9AF;&#x9BC; &#x9B8;&#x982;.</subfield>
  </datafield>
  <datafield tag="260" ind1=" " ind2=" ">
    <subfield code="a">&#x995;&#x9B2;&#x995;&#x9BE;&#x9A4;&#x9BE; :</subfield>
    <subfield code="b">&#x9AA;&#x9C1;&#x9B8;&#x9CD;&#x9A4;&#x995; &#x9AC;&#x9BF;&#x9AA;&#x9A3;&#x9BF;,</subfield>
    <subfield code="c">&#x9E8;&#x9E6;&#x9E6;&#x9E9;.</subfield>
  </datafield>
  <datafield tag="300" ind1=" " ind2=" ">
    <subfield code="a">&#x9EB;&#x9E9;&#x9E9; &#x9AA;&#x9C3;. ;</subfield>
    <subfield code="c">&#x9E8;&#x9E6; &#x9B8;&#x9C7;&#x9AE;&#x9BF;.</subfield>
    <subfield code="b"> </subfield>
  </datafield>
  <datafield tag="504" ind1=" " ind2=" ">
    <subfield code="a">&#x9B8;&#x982;&#x9AF;&#x9C1;&#x995;&#x9CD;&#x9A4; &#x997;&#x9CD;&#x9B0;&#x9A8;&#x9CD;&#x9A5;&#x9AA;&#x9C1;&#x99E;&#x9CD;&#x99C;&#x9BF;</subfield>
  </datafield>
  <datafield tag="650" ind1=" " ind2=" ">
    <subfield code="a">&#x9AC;&#x9BE;&#x982;&#x9B2;&#x9BE; &#x995;&#x9AC;&#x9BF;&#x9A4;&#x9BE;</subfield>
    <subfield code="v">&#x987;&#x9A4;&#x9BF;&#x9B9;&#x9BE;&#x9B8; &#x993;  &#x9B8;&#x9AE;&#x9BE;&#x9B2;&#x9CB;&#x99A;&#x9A8;&#x9BE;</subfield>
    <subfield code="9">145761</subfield>
  </datafield>
  <datafield tag="650" ind1=" " ind2=" ">
    <subfield code="a">Bengali  Poetry</subfield>
    <subfield code="v">History and criticism</subfield>
    <subfield code="9">145762</subfield>
  </datafield>
  <datafield tag="942" ind1=" " ind2=" ">
    <subfield code="2">ddc</subfield>
    <subfield code="c">BK</subfield>
  </datafield>
  <datafield tag="999" ind1=" " ind2=" ">
    <subfield code="c">48082</subfield>
    <subfield code="d">48082</subfield>
  </datafield>
  <datafield tag="952" ind1=" " ind2=" ">
    <subfield code="0">0</subfield>
    <subfield code="1">0</subfield>
    <subfield code="2">ddc</subfield>
    <subfield code="4">0</subfield>
    <subfield code="7">0</subfield>
    <subfield code="8">NFIC</subfield>
    <subfield code="a">RUCL</subfield>
    <subfield code="b">RUCL</subfield>
    <subfield code="c">Stack</subfield>
    <subfield code="d">2008-01-16</subfield>
    <subfield code="e">&#x9A2;&#x9BE;&#x995;&#x9BE;, &#x9AA;&#x9CD;&#x9AF;&#x9BE;&#x9B0;&#x9BE;&#x997;&#x9A8; &#x987;&#x9A8;&#x9CD;&#x99F;&#x9BE;&#x9B0;&#x9AA;&#x9CD;&#x9B0;&#x9BE;&#x987;&#x99C;</subfield>
    <subfield code="g">250.00</subfield>
    <subfield code="l">5</subfield>
    <subfield code="o">B 891.44109 CHG 2003</subfield>
    <subfield code="r">2026-04-19 15:12:39</subfield>
    <subfield code="s">2026-04-02</subfield>
    <subfield code="t">C-2</subfield>
    <subfield code="w">2016-08-11</subfield>
    <subfield code="y">BK</subfield>
  </datafield>
  <datafield tag="952" ind1=" " ind2=" ">
    <subfield code="0">0</subfield>
    <subfield code="1">0</subfield>
    <subfield code="2">ddc</subfield>
    <subfield code="4">0</subfield>
    <subfield code="7">0</subfield>
    <subfield code="8">NFIC</subfield>
    <subfield code="a">RUCL</subfield>
    <subfield code="b">RUCL</subfield>
    <subfield code="c">Stack</subfield>
    <subfield code="d">2008-01-16</subfield>
    <subfield code="e">&#x9A2;&#x9BE;&#x995;&#x9BE;, &#x9AA;&#x9CD;&#x9AF;&#x9BE;&#x9B0;&#x9BE;&#x997;&#x9A8; &#x987;&#x9A8;&#x9CD;&#x99F;&#x9BE;&#x9B0;&#x9AA;&#x9CD;&#x9B0;&#x9BE;&#x987;&#x99C;</subfield>
    <subfield code="g">250.00</subfield>
    <subfield code="l">2</subfield>
    <subfield code="o">B 891.44109 CHG 2003</subfield>
    <subfield code="r">2026-04-23 10:31:42</subfield>
    <subfield code="s">2026-04-05</subfield>
    <subfield code="t">C-3</subfield>
    <subfield code="w">2016-08-11</subfield>
    <subfield code="y">BK</subfield>
  </datafield>
  <datafield tag="952" ind1=" " ind2=" ">
    <subfield code="0">0</subfield>
    <subfield code="1">0</subfield>
    <subfield code="2">ddc</subfield>
    <subfield code="4">0</subfield>
    <subfield code="7">0</subfield>
    <subfield code="8">NFIC</subfield>
    <subfield code="a">RUCL</subfield>
    <subfield code="b">RUCL</subfield>
    <subfield code="c">Stack</subfield>
    <subfield code="d">2008-02-20</subfield>
    <subfield code="e">&#x9A2;&#x9BE;&#x995;&#x9BE;, &#x9AA;&#x9CD;&#x9AF;&#x9BE;&#x9B0;&#x9BE;&#x997;&#x9A8; &#x987;&#x9A8;&#x9CD;&#x99F;&#x9BE;&#x9B0;&#x9AA;&#x9CD;&#x9B0;&#x9BE;&#x987;&#x99C;</subfield>
    <subfield code="g">250.00</subfield>
    <subfield code="l">4</subfield>
    <subfield code="o">B 891.44109 CHG 2003</subfield>
    <subfield code="q">2026-06-08</subfield>
    <subfield code="r">2026-05-18 11:49:49</subfield>
    <subfield code="s">2026-05-18</subfield>
    <subfield code="t">C-4</subfield>
    <subfield code="w">2016-08-11</subfield>
    <subfield code="y">BK</subfield>
  </datafield>
  <datafield tag="952" ind1=" " ind2=" ">
    <subfield code="0">0</subfield>
    <subfield code="1">0</subfield>
    <subfield code="2">ddc</subfield>
    <subfield code="4">0</subfield>
    <subfield code="7">0</subfield>
    <subfield code="8">NFIC</subfield>
    <subfield code="a">RUCL</subfield>
    <subfield code="b">RUCL</subfield>
    <subfield code="c">Stack</subfield>
    <subfield code="d">2008-01-16</subfield>
    <subfield code="e">&#x9A2;&#x9BE;&#x995;&#x9BE;, &#x9AA;&#x9CD;&#x9AF;&#x9BE;&#x9B0;&#x9BE;&#x997;&#x9A8; &#x987;&#x9A8;&#x9CD;&#x99F;&#x9BE;&#x9B0;&#x9AA;&#x9CD;&#x9B0;&#x9BE;&#x987;&#x99C;</subfield>
    <subfield code="g">250.00</subfield>
    <subfield code="l">4</subfield>
    <subfield code="o">B 891.44109 CHG 2003</subfield>
    <subfield code="q">2026-06-08</subfield>
    <subfield code="r">2026-05-18 10:00:56</subfield>
    <subfield code="s">2026-05-18</subfield>
    <subfield code="t">C-5</subfield>
    <subfield code="w">2016-08-11</subfield>
    <subfield code="y">BK</subfield>
  </datafield>
  <datafield tag="952" ind1=" " ind2=" ">
    <subfield code="0">0</subfield>
    <subfield code="1">0</subfield>
    <subfield code="2">ddc</subfield>
    <subfield code="4">0</subfield>
    <subfield code="7">0</subfield>
    <subfield code="8">NFIC</subfield>
    <subfield code="a">RUCL</subfield>
    <subfield code="b">RUCL</subfield>
    <subfield code="c">Stack</subfield>
    <subfield code="d">2008-01-16</subfield>
    <subfield code="e">&#x9A2;&#x9BE;&#x995;&#x9BE;, &#x9AA;&#x9CD;&#x9AF;&#x9BE;&#x9B0;&#x9BE;&#x997;&#x9A8; &#x987;&#x9A8;&#x9CD;&#x99F;&#x9BE;&#x9B0;&#x9AA;&#x9CD;&#x9B0;&#x9BE;&#x987;&#x99C;</subfield>
    <subfield code="g">250.00</subfield>
    <subfield code="l">0</subfield>
    <subfield code="o">B 891.44109 CHG 2003</subfield>
    <subfield code="r">2016-08-11 00:00:00</subfield>
    <subfield code="t">C-6</subfield>
    <subfield code="w">2016-08-11</subfield>
    <subfield code="y">BK</subfield>
  </datafield>
</record>
